Most Commonly Fought Pokémon in Pokémon Red/Blue - Statistics

General Stats
  • This quiz has been taken 17 times
  • The average score is 9 of 27
Answer Stats
Times Fought Pokémon % Correct
30 Rattata
92%
26 Pidgey
85%
19 Geodude
54%
12 Pidgeotto
54%
12 Pikachu
54%
17 Raticate
54%
24 Zubat
54%
13 Ekans
38%
20 Grimer
38%
37 Koffing
38%
13 Onix
38%
14 Spearow
38%
15 Weezing
38%
14 Oddish
31%
15 Voltorb
31%
17 Gastly
23%
12(/15?) Growlithe
23%
13 Magnemite
23%
12 Poliwag
23%
13 Bellsprout
15%
14 Drowzee
15%
18 Goldeen
15%
18 Horsea
15%
13 Machoke
15%
27 Machop
15%
15 Tentacool
15%
12 Shellder
8%
No matching quizzes found
Score Distribution
Percent of People with Each Score
Percentile by Number Answered
Your Score History
You have not taken this quiz